01048nam0a22002411 4500001001000000005001700010035002600027100004100053101000800094102000700102105001800109200028700127210003100414215001400445225012300459320004500582700005900627701001800686701004300704801001800747801002200765852001900787rc\92965820250622045043.0 a(NLR Aleph) 006102971 a20041129d1982 |||y0rusy50 ca0 arus aRU ay |||||||||1 aПоперечное развитие электронно-фотонных ливней, образованных гамма-квантами с энергией Е "гамма" - (60-3000) МэВfБ. Словинский, В. Чай, С. Пржибышевска-Чай aДубнаcОИЯИd1982 a7 с.d211 aСообщения Объединенного института ядерных исследованийvР1-82-689 aБиблиогр.: с. 6-7 (5 назв.) 1aСловинскийbБ.И.gБронислав И. 1aЧайbВ. 1aПржибышевска-ЧайbС. 0aRUbNLRgpsbo 1aRUbELAR2rusmarc aNLRj83-6/3187